000 00947cam a2200253 i 4500
003 SA-RiAUC
005 20250113074130.0
008 250107s1978 ua g 000 0 ara c
040 _aAE-AiULD
_bara
_cSA-RiAUC
_erda
050 4 _b.A93 1978
082 0 4 _a253.5
090 _a253.5
_b س ي د
100 1 _aالسيد، الشافعي عبد الرحمن
_eمؤلف.
245 1 0 _aعقد الرهن في الشريعة الإسلامية /
_cالشافعي عبد الرحمن السيد عوض.
264 1 _aالقاهرة :
_bدار الأنصار،
_c1978
300 _a151 صفحة ؛
_c24 سم
336 _aنص
_btxt
_2rdacontent
_3كتاب
337 _aبدون وسيط
_bn
_2rdamedia
338 _aمجلد
_bnc
_2rdacarrier
650 7 _aالرهن (فقه إسلامي)
_2aucsh
650 7 _aالمعاملات (فقه إسلامي)
_2aucsh
942 _2ddc
_cBOOK
_n0
949 _aSA-JeALM
_d250107
_umohamedma123
_n1
999 _c4664
_d4664